| 000 | 00691nam a22002297a 4500 | ||
|---|---|---|---|
| 999 |
_c21275 _d21275 |
||
| 003 | AR-CdUCM | ||
| 008 | 190517b ||||| |||| 00| 0 spa d | ||
| 040 |
_aMUNICIPALIDAD PROVINCIAL DEL CUSCO _cBIBLIOTECA MUNICIPAL DEL CUSCO |
||
| 082 |
_a513/C23 _bC23 |
||
| 100 |
_aCano Cáceres, Darwin _944447 |
||
| 245 | _aConsultor matemático / | ||
| 260 |
_aCusco ; _bHanaq, _c2017. |
||
| 300 |
_a136 Páginas. : _c29 cm. |
||
| 500 | _aPara estudiantes de nivel secundario y pre universitario. | ||
| 650 |
_aMatemática _919387 |
||
| 650 |
_aAritmética _919777 |
||
| 650 |
_aÁlgebra _944448 |
||
| 650 |
_aQuímica _94512 |
||
| 650 |
_aFísica _92382 |
||
| 942 |
_2ddc _cLIBROS |
||
| 945 | _aRoel | ||